COUNTRIES AND TERRITORIES EXTREME - Statistics

General Stats
  • This quiz has been taken 21 times
  • The average score is 113 of 274
Answer Stats
Country/Territory % Correct
United States of America
86%
Abkhazia
71%
Afghanistan
71%
American Samoa
71%
Armenia
71%
Central African Republic
71%
Algeria
57%
Andorra
57%
Angola
57%
Argentina
57%
Aruba
57%
Australia
57%
Austria
57%
Azerbaijan
57%
Bahamas
57%
Bangladesh
57%
Barbados
57%
Belarus
57%
Belgium
57%
Belize
57%
Benin
57%
Brazil
57%
Brunei
57%
Bulgaria
57%
Burundi
57%
Cambodia
57%
Cameroon
57%
Canada
57%
Cape Verde
57%
Cayman Islands
57%
Chad
57%
China
57%
Christmas Island
57%
Comoros
57%
France
57%
Greenland
57%
Ireland
57%
Isle of Man
57%
Ivory Coast
57%
Jersey
57%
Niue
57%
St. Helena
57%
St. Kitts and Nevis
57%
St. Lucia
57%
St. Vincent and the Grenadines
57%
Turkey
57%
United Kingdom
57%
Western Sahara
57%
Zambia
57%
Zimbabwe
57%
Akrotiri
43%
Aland
43%
Albania
43%
Anguilla
43%
Antigua and Barbuda
43%
Artsakh
43%
Bahrain
43%
Bermuda
43%
Bhutan
43%
Bolivia
43%
Bonaire
43%
Bosnia and Herzegovina
43%
Botswana
43%
Bouvet Island
43%
British Virgin Islands
43%
Burkina Faso
43%
Canary Islands
43%
Chile
43%
Colombia
43%
Congo
43%
Cook Islands
43%
Costa Rica
43%
Croatia
43%
Cuba
43%
Curacao
43%
Czechia
43%
Democratic Republic of the Congo
43%
Denmark
43%
Djibouti
43%
Dominica
43%
Dominican Republic
43%
Ecuador
43%
Egypt
43%
El Salvador
43%
Equatorial Guinea
43%
Eritrea
43%
Estonia
43%
Eswatini
43%
Ethiopia
43%
Falkland Islands
43%
Federated States of Micronesia
43%
Fiji
43%
Finland
43%
French Guiana
43%
Gabon
43%
Gambia
43%
Germany
43%
Ghana
43%
Gibraltar
43%
Greece
43%
Grenada
43%
Guadeloupe
43%
Guam
43%
Guatemala
43%
Guernsey
43%
Guinea
43%
Guinea-Bissau
43%
Guyana
43%
Haiti
43%
Honduras
43%
Hong Kong
43%
Hungary
43%
India
43%
Indonesia
43%
Italy
43%
Jamaica
43%
Japan
43%
Kazakhstan
43%
Kenya
43%
Kiribati
43%
Kosovo
43%
Kyrgyzstan
43%
Laos
43%
Latvia
43%
Lesotho
43%
Liberia
43%
Libya
43%
Lithuania
43%
Luxembourg
43%
Macau
43%
Madagascar
43%
Malawi
43%
Malaysia
43%
Maldives
43%
Mali
43%
Malta
43%
Marshall Islands
43%
Martinique
43%
Mauritania
43%
Mauritius
43%
Moldova
43%
Monaco
43%
Mongolia
43%
Montenegro
43%
Morocco
43%
Mozambique
43%
Myanmar
43%
Namibia
43%
Nauru
43%
Netherlands
43%
New Caledonia
43%
New Zealand
43%
Nicaragua
43%
Niger
43%
Nigeria
43%
North Korea
43%
Norway
43%
Pakistan
43%
Palau
43%
Panama
43%
Paraguay
43%
Peru
43%
Philippines
43%
Pitcairn Islands
43%
Poland
43%
Portugal
43%
Puerto Rico
43%
Romania
43%
Russia
43%
Rwanda
43%
Samoa
43%
San Marino
43%
Sao Tome and Principe
43%
Senegal
43%
Serbia
43%
Seychelles
43%
Sierra Leone
43%
Singapore
43%
Slovakia
43%
Slovenia
43%
Solomon Islands
43%
Somalia
43%
South Africa
43%
South Korea
43%
South Sudan
43%
Spain
43%
Sri Lanka
43%
Sudan
43%
Suriname
43%
Sweden
43%
Switzerland
43%
Taiwan
43%
Tajikistan
43%
Tanzania
43%
Thailand
43%
Timor-Leste
43%
Togo
43%
Tokelau
43%
Tonga
43%
Trinidad and Tobago
43%
Tunisia
43%
Turkmenistan
43%
Tuvalu
43%
Uganda
43%
Ukraine
43%
Uruguay
43%
US Virgin Islands
43%
Uzbekistan
43%
Vatican City
43%
Venezuela
43%
Vietnam
43%
Wallis and Futuna
43%
Yemen
43%
Ascension Island
29%
Ashmore and Cartier Islands
29%
Baker Island
29%
British Indian Ocean Territory
29%
Cyprus
29%
Faroe Islands
29%
French Polynesia
29%
Iceland
29%
Iran
29%
Iraq
29%
Israel
29%
Jordan
29%
Kuwait
29%
Lebanon
29%
Mayotte
29%
Mexico
29%
Montserrat
29%
Nepal
29%
Norfolk Island
29%
Northern Cyprus
29%
Northern Mariana Islands
29%
North Macedonia
29%
Oman
29%
Palestine
29%
Papua New Guinea
29%
Qatar
29%
Reunion
29%
Saudi Arabia
29%
Sint Maarten
29%
Somaliland
29%
South Ossetia
29%
St. Martin
29%
St. Pierre and Miquelon
29%
Syria
29%
Transnistria
29%
Turks and Caicos
29%
United Arab Emirates
29%
Vanuatu
29%
Clipperton Island
14%
Cocos (Keeling) Islands
14%
Dhekelia
14%
Diego Garcia
14%
Donetsk
14%
Heard and McDonald Islands
14%
Howland Island
14%
Jan Mayen
14%
Jarvis Island
14%
Johnston Atoll
14%
Kingman Reef
14%
Liechtenstein
14%
Luhansk
14%
Midway Atoll
14%
Navassa Island
14%
Sint Eustatius
14%
South Georgia and the South Sandwich Islands
14%
St. Barthelemy
14%
Svalbard
14%
Tristan da Cunha
14%
Wake Island
14%
Ceuta and Melilla
0%
French Southern and Antarctic Lands
0%
No matching quizzes found
Score Distribution
Percent of People with Each Score
Percentile by Number Answered
Your Score History
You have not taken this quiz